Statistiques concernant Tour De France 2019-Classements annexes

Cliquez ici pour prendre le quiz!

Statistiques générales

  • Ce quiz a été pris 137 fois
  • Le résultat moyen est 10 sur 21

Statistiques - réponses

ClassementRéponseTemps/Points% Correct
Meilleur Sprinteur : 1erPeter Sagan316 pts
97%
2èmeEgan Bernal78 pts
95%
Meilleur Jeune : 1erEgan Bernal82 h 57 min 00 s
95%
Meilleur Gripeur : 1erRomain Bardet86 pts
86%
3èmeIneos+ 57 min 52 s
85%
Super combatifJulian Alaphilippex
84%
2èmeCaleb Ewan248 pts
68%
Meilleure équipe : 1èreMovistar248 h 58 min 15 s
68%
2èmeDavid Gaudu+ 23 min 58 s
60%
5èmeMichael Matthews201 pts
47%
3èmeElia Viviani224 pts
40%
3èmeEnric Mas+ 58 min 20 s
32%
3èmeTim Wellens75 pts
30%
2èmeTrek-Segafredo+ 47 min 54 s
29%
5èmeBora-Hansgrohe+ 1 h 29 min 30 s
27%
5èmeVincenzo Nibali59 pts
27%
4èmeSony Colbrelli209 pts
19%
4èmeEF Education First+ 1 h 25 min 57 s
18%
4èmeLaurens De Plus+ 1 h 02 min 44 s
11%
4èmeDamiano Caruso67 pts
8%
5èmeGregor Muhlberger+ 1 h 04 min 40 s
7%

Distribution des résultats

Percentile par nombre de réponses

% des personnes avec chaque résultat

Votre développement - résultats

Vous n’avez pas pris ce quiz